| 000 | 00962nam2a22002531 4500 | ||
|---|---|---|---|
| 001 | rc\4731921 | ||
| 005 | 20250612164112.0 | ||
| 021 |
_aRU _b[64-90988] |
||
| 035 | _a(NLR Aleph) 008733306 | ||
| 090 |
_a9489299 _c9489299 |
||
| 100 | _a20130416d1964 |||y0rusy50 ca | ||
| 101 | 0 | _arus | |
| 102 | _aRU | ||
| 105 | _ay z ||||| | ||
| 200 | 1 | _aСистемы и трубопроводы | |
| 210 |
_d1964 _aБ. м. |
||
| 215 |
_a42 с. _cграф. _d26 |
||
| 461 | 0 |
_1001rc\4731915 _12001#$aПравила классификации и постройки морских судов$fРегистр СССР$vЧ. 8 _99489267 _cМосква _d1965 _fРегистр СССР _nТранспорт _tПравила классификации и постройки морских судов _vЧ. 8 |
|
| 606 |
_aСудовые системы (ч. 8) _2psbo |
||
| 801 | 0 |
_aRU _bNLR _gpsbo |
|
| 801 | 1 |
_aRU _bELAR _2rusmarc |
|
| 852 |
_aNLR _jПт 90.1/94 |
||
| 942 | _cBOOK | ||
| 980 | _aNB | ||